BIBLIOTECA PODER JUDICIAL
Portal Judicial TDF

Gestión humana. Puesta en funcionamiento de la oficina de asistencia y apoyo permanente de la CNAT / (Registro nro. 6573)

000 -LEADER
fixed length control field 01199nab a22002177a 4500
003 - CONTROL NUMBER IDENTIFIER
control field OSt
005 - DATE AND TIME OF LATEST TRANSACTION
control field 20260225100959.0
008 - FIXED-LENGTH DATA ELEMENTS--GENERAL INFORMATION
fixed length control field 190506c xxu||||| |||| 00| 0 spa d
040 ## - CATALOGING SOURCE
Transcribing agency PJ
100 ## - MAIN ENTRY--PERSONAL NAME
9 (RLIN) 5153
Personal name Seguro, Silvia M.
245 10 - TITLE STATEMENT
Title Gestión humana. Puesta en funcionamiento de la oficina de asistencia y apoyo permanente de la CNAT /
Statement of responsibility, etc Silvia Seguro.
260 ## - PUBLICATION, DISTRIBUTION, ETC. (IMPRINT)
Place of publication, distribution, etc Buenos Aires :
Name of publisher, distributor, etc AbeledoPerrot,
Date of publication, distribution, etc 2025.
300 ## - PHYSICAL DESCRIPTION
Extent p. 7-12
500 ## - GENERAL NOTE
General note Cita: TR LALEY AR/DOC/3181/2024.
505 ## - FORMATTED CONTENTS NOTE
Formatted contents note Sumario: I. Introducción al couseling.— II. Contexto social del nacimiento del counseling.— III. Orígenes y definición.— IV. Enfoque preventivo en el counseling.— V. Evaluación y medición de la eficacia.— VI. Importancia del counseling en el ambiente laboral y la gestión.— VII. Resumen y perspectiva.— VIII. Objetivos específicos y trabajo de campo.<br/>
505 ## - FORMATTED CONTENTS NOTE
Title ¿Te interesa el texto completo? Comunicate al correo: koha@justierradelfuego.gov.ar
650 #0 - SUBJECT ADDED ENTRY--TOPICAL TERM
9 (RLIN) 1316
Topical term or geographic name as entry element DERECHO LABORAL
650 #0 - SUBJECT ADDED ENTRY--TOPICAL TERM
9 (RLIN) 4195
Topical term or geographic name as entry element COMPETENCIA LABORAL
773 0# - HOST ITEM ENTRY
Host Biblionumber 2751
Host Itemnumber 3202
Place, publisher, and date of publication Buenos Aires : AbeledoPerrot, 2013-
Title Revista de derecho laboral y seguridad social. Nº 2 - Enero 2025
942 ## - ADDED ENTRY ELEMENTS (KOHA)
Source of classification or shelving scheme
Koha item type Analítica Artículo de Revista

No hay ítems disponibles.

12 de Octubre 789 Ushuaia - Tel:  54(02901)441571
Horario de Atención: 8.00 a 17.00 hs. 
bibliotecaush@justierradelfuego.gov.ar
koha@justierradelfuego.gov.ar
Seguinos en nuestras redes @bibliojustdf 

Con tecnología Koha